Creatividad morfologica: el milagro del poder mental oculto

Zapisane w:
Opis bibliograficzny
1. autor: Allen, Myron S (Autor)
Format: Książka
Język:hiszpański
Wydane: Ciudad de México Herreros Hermanos 1963
Wydanie:1a. ed
Hasła przedmiotowe:
Etykiety: Dodaj etykietę
Nie ma etykietki, Dołącz pierwszą etykiete!

MARC

LEADER 00000nam a2200000 a 4500
001 UCH2680
003 CL-VaPUC
008 090624e19630000MX |||||||||||||||||spa|d
082 0 4 |a 153.35  |b ALL  |2 21 
100 0 |a Allen, Myron S  |e author  |9 537673 
245 1 0 |a Creatividad morfologica: el milagro del poder mental oculto 
250 |a 1a. ed 
300 |a 238 p 
942 |c BK 
945 |d 20090624 00:00:00  |a rbrito 
260 |a Ciudad de México  |b Herreros Hermanos  |c 1963 
650 0 |a Creatividad   |9 310816 
583 |a last modification  |c 20090624 00:00:00  |k Rodrigo Vera 
999 |c 334396  |d 334394 
952 |0 0  |1 0  |4 0  |6 153_350000000000000_ALL_1963  |7 0  |8 X  |9 423387  |a FDOBUD  |b FDOBUD  |d 2019-11-22  |i 4558286  |o 153.35 ALL 1963  |p 4558286  |r 2019-11-22  |w 2019-11-22  |y BK_X  |k BUD